000 00678nam 22002053 4500
001 202857
010 _a85-7316-133-7
090 _a202857
100 _a20260703d u||y0pory50 ba
200 _aSíndromes & síndromes
_fCunha de Leiradella
_e(e conclusões inevitáveis)
210 _aRio de Janeiro
_cRelume Dumará
_d1997
215 _a81 p.
_cbrochado
_d21 cm
300 _aContém dedicatória na folha de guarda Prémio Cultural de Literatura 1996
606 _96
_aLiteratura Portuguesa
610 _aContos
675 _a821.134.3-3"19"
_vPT
_zpor
700 _917704
_aLeiradella
_bCunha de
_f1934-
801 _aPT
_bBMMN
_gRPC
830 _cAna Falardo
_fAna Falardo
990 _cLIVROS